000 00256nam a2200121Ia 4500
008 190216s9999||||xx |||||||||||||| ||und||
100 _aAkkitham
245 0 _aSancharikal
260 _bCurrent Books
300 _a89p
650 _aKavithkal
942 _cBK
999 _c23625
_d23625